Can you Guess these Military Helicopters? - Statistics

General Stats
  • This quiz has been taken 34 times
  • The average score is 4 of 12
Answer Stats
Picture Answer % Correct
Sikorsky UH-60 Black Hawk)
59%
Boeing CH-47 Chinook
52%
Boeing AH-64 Apache
44%
Eurocopter Tiger
44%
Bell AH-1Z Viper
30%
Bell UH-1 Iroquois
30%
Bell UH-1Y Venom
30%
MRH-90 Taipan
26%
Bell AH-1 Cobra
22%
Sikorsky CH-53K King Stallion
19%
Sikorsky HH-60 Pave Hawk
19%
Eurocopter UH-72 Lakota
11%
No matching quizzes found
Score Distribution
Percent of People with Each Score
Percentile by Number Answered
Your Score History
You have not taken this quiz